000 00678nam a2200265Ia 4500
003 OSt
005 20220924120938.0
006 a|||||r|||| 00| 0
007 ta
008 220923b |||||||| |||| 00| 0 per d
020 _c2.50
024 _a329711
037 _cTextual
040 _aARTS
_cARTS
_bper
041 _2per
_aper
082 _aP164:7, 164J1
100 _aAli Syed Nisar Au.
245 0 _aChahar gulzar
260 _aDelhi
_bTajir kutub India
_c1951
300 _a116p.
_ccm.
650 _a PERSIAN LANGUAGE
650 _aLINGUISTICS
942 _hP164:7, 164J1
_cTEXL
_2CC
999 _c405102
_d405102